Use of ICTs to enhance knowledge management amongst lecturers at the National University of Science and Technology / (Record no. 172779)

MARC details
000 -LEADER
fixed length control field 01229nam a2200289 4500
003 - CONTROL NUMBER IDENTIFIER
control field NUST
005 - DATE AND TIME OF LATEST TRANSACTION
control field 20260508093528.0
008 - FIXED-LENGTH DATA ELEMENTS--GENERAL INFORMATION
fixed length control field 260424b |||||||| |||| 00| 0 eng d
040 ## - CATALOGING SOURCE
Original cataloging agency NUST
Language of cataloging eng
Transcribing agency NUST
Modifying agency NUST
Description conventions rda
050 ## - LIBRARY OF CONGRESS CALL NUMBER
Classification number LB1028.3 NCU
100 ## - MAIN ENTRY--PERSONAL NAME
Personal name Ncube, Florence.
Relator term author.
245 ## - TITLE STATEMENT
Title Use of ICTs to enhance knowledge management amongst lecturers at the National University of Science and Technology /
Statement of responsibility by Florence Ncube.
260 ## - PUBLICATION, DISTRIBUTION, ETC.
Place of publication, distribution, etc. Bulawayo, Zimbabwe :
Name of publisher, distributor, etc. National University of Science and Technology ,
Date of publication, distribution, etc. ©2019.
300 ## - PHYSICAL DESCRIPTION
Extent xii, 74 pages :
Dimensions illustrations;
Other physical details 30 cm.
336 ## - CONTENT TYPE
Source rdacontent
Content type term text
Content type code txt
337 ## - MEDIA TYPE
Source rdamedia
Media type term unmediated
Media type code n
338 ## - CARRIER TYPE
Source rdacarrier
Carrier type term volume
Carrier type code nc
500 ## -
Typescript A research project submitted to the National University of Science and Technology in partial fufilment of the Master of Science degree in Records and Archives Management.
501 ## - STUDY LEVEL
-- m
504 ## - BIBLIOGRAPHY, ETC. NOTE
Bibliography, etc. note Includes bibliographical references.
650 ## - SUBJECT ADDED ENTRY--TOPICAL TERM
Topical term or geographic name entry element Information and Communication Technologies (ICTs).
650 ## - SUBJECT ADDED ENTRY--TOPICAL TERM
Topical term or geographic name entry element Knowledge Management.
650 ## - SUBJECT ADDED ENTRY--TOPICAL TERM
Topical term or geographic name entry element Higher Education.
650 ## - SUBJECT ADDED ENTRY--TOPICAL TERM
Topical term or geographic name entry element University Lecturers.
700 ## - ADDED ENTRY--PERSONAL NAME
Personal name Dr P. Dewah.
Relator term supervisor.
942 ## - ADDED ENTRY ELEMENTS (KOHA)
Source of classification or shelving scheme Library of Congress Classification
Suppress in OPAC No
Koha item type 3-Hour Loan Material
Classification part LB1028.3
Call number prefix LB
Call number suffix NCU
999 ## -
-- 172779
-- 172779
Holdings
Withdrawn status Lost status Source of classification or shelving scheme Damaged status Not for loan Collection Home library Current library Shelving location Date acquired Source of acquisition Cost, normal purchase price Total Checkouts Full call number Barcode Date last seen Accession number Cost, replacement price Price effective from Koha item type Public note
    LCC     NFIC MAIN MAIN Special Collection 04/24/2026 NUST 15.00   LB1028.3 NCU 92004056997 04/24/2026 SC25/1503 15.00 04/24/2026 3HOUR Dessertation